MARC

LEADER 00000nam0a2200000 4500
001 62180
005 20231101212005.0
010 |a 5060015432 
035 |a (RuTPU)RU\TPU\book\65913 
090 |a 62180 
100 |a 20040405d1990 m y0rusy50 ca 
101 0 |a rus 
102 |a RU 
105 |a a j 001zy 
200 1 |a Электродинамика  |e учебное пособие для физических специальностей университетов  |f Я. П. Терлецкий, Ю. П. Рыбаков 
205 |a 2-е изд. перераб. 
210 |a Москва  |c Высшая школа  |d 1990 
215 |a 351 с.  |c ил. 
320 |a Предметный указатель: с. 346-349. 
606 1 |a Электродинамика  |2 stltpush  |3 (RuTPU)RU\TPU\subj\19944  |9 45105 
610 1 |a физика 
610 1 |a сверхпроводимость 
610 1 |a магнитогидродинамические волны 
610 1 |a пространство-время 
610 1 |a законы сохранения 
610 1 |a теория массы 
610 1 |a учебники 
610 1 |a пособия 
675 |a 537.8(075.8)  |v 3 
700 1 |a Терлецкий  |b Я. П.  |g Яков Петрович 
701 1 |a Рыбаков  |b Ю. П.  |g Юрий Петрович 
801 1 |a RU  |b 63413507  |c 20040405  |g PSBO 
801 2 |a RU  |b 63413507  |c 20190124  |g PSBO 
900 |a Электродинамика 
942 |c BK 
951 |a 510400  |b 010400